[Rezension von: Schwanitz, Henrik, 1988-, Von der Natur gerahmt]
Saved in:
| Published in: | Sehepunkte 23(2023), 10 |
|---|---|
| Main Author: | |
| Other Authors: | |
| Document Type: | Online Resource Article |
| Language: | German |
| Published: |
2023
|
| Subjects: | |
| Online Access: | kostenfrei |
| Related Items: | Enthalten in:
Sehepunkte Rezension von: Von der Natur gerahmt |
| LEADER | 03286naa a2200553 c 4500 | ||
|---|---|---|---|
| 001 | 1865709662 | ||
| 003 | DE-627 | ||
| 005 | 20231016101141.0 | ||
| 007 | cr uuu---uuuuu | ||
| 008 | 231016s2023 xx |||||oo 00| ||ger c | ||
| 035 | |a (DE-627)1865709662 | ||
| 035 | |a (DE-599)KXP1865709662 | ||
| 040 | |a DE-627 |b ger |c DE-627 |e rda | ||
| 041 | |a ger | ||
| 084 | |a NZ 10550 |q DE-2620/23 |2 rvk |0 (DE-625)rvk/132425: | ||
| 084 | |a NZ 10500 |q DE-2620/23 |2 rvk |0 (DE-625)rvk/132424: | ||
| 084 | |a NK 5000 |q DE-2620/23 |2 rvk |0 (DE-625)rvk/126083: | ||
| 100 | 1 | |a Schmidt, Maike |d 1986- |e VerfasserIn |0 (DE-588)1189088525 |0 (DE-627)1667822438 |4 aut | |
| 245 | 1 | 0 | |a [Rezension von: Schwanitz, Henrik, 1988-, Von der Natur gerahmt] |
| 264 | 1 | |c 2023 | |
| 300 | |b Illustration | ||
| 336 | |a Text |b txt |2 rdacontent | ||
| 337 | |a Computermedien |b c |2 rdamedia | ||
| 338 | |a Online-Ressource |b cr |2 rdacarrier | ||
| 655 | 7 | |a Rezension |0 (DE-588)4049712-4 |0 (DE-627)106186019 |0 (DE-576)209083166 |2 gnd-content | |
| 689 | 0 | 0 | |d g |0 (DE-588)4051176-5 |0 (DE-627)106178245 |0 (DE-576)209091789 |a Sachsen |2 gnd |
| 689 | 0 | 1 | |d s |0 (DE-588)4130793-8 |0 (DE-627)105699837 |0 (DE-576)209621990 |a Grenze |2 gnd |
| 689 | 0 | 2 | |d s |0 (DE-588)4041358-5 |0 (DE-627)104288833 |0 (DE-576)209044594 |a Natur |2 gnd |
| 689 | 0 | 3 | |d s |0 (DE-588)4026482-8 |0 (DE-627)106288199 |0 (DE-576)208966544 |a Identität |2 gnd |
| 689 | 0 | 4 | |d s |0 (DE-588)4113450-3 |0 (DE-627)105829390 |0 (DE-576)209476583 |a Entwicklung |2 gnd |
| 689 | 0 | |5 (DE-627) | |
| 700 | 1 | |a Schwanitz, Henrik |d 1988- |e VerfasserIn des Bezugswerks |0 (DE-588)1136293124 |0 (DE-627)892523786 |0 (DE-576)490401686 |4 ant | |
| 773 | 0 | 8 | |i Enthalten in |t Sehepunkte |d München : Ludwig-Maximilians-Univ., 2001 |g 23(2023), 10 |h Online-Ressource |w (DE-627)33678273X |w (DE-600)2062440-2 |w (DE-576)117978736 |x 1618-6168 |7 nnas |
| 773 | 1 | 8 | |g volume:23 |g year:2023 |g number:10 |
| 787 | 0 | 8 | |i Rezension von |a Schwanitz, Henrik, 1988 - |t Von der Natur gerahmt |d [Leipzig] : Leipziger Universitätsverlag GmbH, 2021 |h 362 Seiten |w (DE-627)1780050429 |z 3960233825 |z 9783960233824 |
| 856 | 4 | 0 | |u https://www.sehepunkte.de/2023/10/36758.html |x Verlag |z kostenfrei |7 0 |
| 935 | |a SAXB | ||
| 936 | r | v | |a NZ 10550 |b Rechtsgeschichte, Verfassungs- und Verwaltungsgeschichte |k Geschichte |k Regionale Landeskunde |k Landesgeschichte Sachsen |k Rechtsgeschichte, Verfassungs- und Verwaltungsgeschichte |0 (DE-627)1270818171 |0 (DE-625)rvk/132425: |0 (DE-576)200818171 |
| 936 | r | v | |a NZ 10500 |b Wirtschafts- und Sozialgeschichte |k Geschichte |k Regionale Landeskunde |k Landesgeschichte Sachsen |k Wirtschafts- und Sozialgeschichte |0 (DE-627)127087571X |0 (DE-625)rvk/132424: |0 (DE-576)20087571X |
| 936 | r | v | |a NK 5000 |b Mitteleuropa |k Geschichte |k Weltgeschichte, Darstellungen Allgemeine Geschichte einzelner Staaten und Völker Teilgebiete der Geschichte, Sammelwerke |k Teilgebiete der Geschichte |k Allgemeine Geistes- und Kulturgeschichte |k Allgemeine Kulturgeschichte |k Abendländisch-europäische Kulturgeschichte |k Mitteleuropa |0 (DE-627)1270985825 |0 (DE-625)rvk/126083: |0 (DE-576)200985825 |
| 951 | |a AR | ||
| 994 | |u https://www.sehepunkte.de/2023/10/36758.html | ||
| 990 | |a Sachsen | ||
| 990 | |a Grenze | ||
| 990 | |a Natur | ||
| 990 | |a Identität | ||
| 990 | |a Entwicklung | ||
| 991 | |a Rezension (Monographie, Zeitschrift, Aufsatz) | ||
| 999 | |a KXP-PPN1865709662 |e 4978820588 | ||


